000 00597nam a2200181Ia 4500
008 100917s9999 xx 000 0 und d
082 _b47914
100 _aरजनीश
245 _aजगततारा प्रभातीचा
260 _bजीवन जागृती केंद्र प्रकाशन
_c1977
300 _a68
365 _b3
520 _aअध्यात्म
630 _aजगततारा प्रभातीचा
650 _aअध्यात्म
730 _aजगततारा प्रभातीचा
942 _cBOOK
999 _c653308
_d653305